• 首页
  • 本馆介绍
  • 公告通知
  • 最新文献
  • 馆藏检索
  • 电子资源
  • 读者导购
  • 参考咨询
  • 我的图书馆
  • 登录
  • 详细信息显示
  • 放入我的书架
  • 预约/预借图书
  • 作者相关作品
  • 分类相关作品
  • 丛书相关作品
  • 出版社相关作品

书目信息

  • 表格格式
  • 工作单格式
  • 卡片格式
题名:
盛世危言
    
 
作者: 郑观应 著
分册:  
出版信息: 郑州   中州古籍出版社  1998.09
页数: 552页
开本: 21cm
丛书名: 醒狮丛书
单 册:
中图分类: F092.6
科图分类:
主题词: 经济思想史--中国--近代 , 经济思想--中国--近代
电子资源:
ISBN: 7-5348-1715-3
000 00800nam2 2200253 45
001 0205140964
005 20041108150215.2
010    @a7-5348-1715-3@dCNY24.00
100    @a20020514d1998 km y0chiy0120 ea
101 0  @achi
105    @a z 000yy
200 1  @a盛世危言@ASheng Shi Wei Yan@e首为商战鼓与呼@EShou Wei Shang Zhan Gu YuHu@f郑观应著@FZheng Guan Ying Zhu
210    @a郑州@c中州古籍出版社@d1998.09
215    @a552页@d21cm
225    @a醒狮丛书@f谢俊美主编
410    @12001 @a醒狮丛书
410    @1700 0@a谢俊美@AXie Jun Mei@4主编
517    @a首为商战鼓与呼@AShou Wei Shang Zhan Gu Yu Hu
606 0  @a经济思想史@y中国@z近代
606 0  @a经济思想@y中国@z近代
690    @aF092.6@v4
701    @a郑观应@4著
801    @aCN@bTSTC@c20020514
905    @b310146-150@dF092.6@f5@e24
    
    盛世危言:首为商战鼓与呼/郑观应著.-郑州:中州古籍出版社,1998.09
    552页;21cm.-(醒狮丛书/谢俊美主编)
    
    
    ISBN 7-5348-1715-3:CNY24.00
    
●
相关链接 在E读中查询图书 在五车中查询图书 在当当中查询图书 在豆瓣中查询图书


正题名:盛世危言     索取号:F092.6/24         预约/预借

序号 登录号 条形码 馆藏地/架位号 状态 备注
1 0310146   203101464   第一借阅区/ [索取号:F092.6/24] 在馆    
2 0310147   203101473   第一借阅区/ [索取号:F092.6/24] 在馆    
3 0310148   203101482   第一借阅区/ [索取号:F092.6/24] 在馆    
4 0310149   203101491   第一借阅区/ [索取号:F092.6/24] 在馆    
5 0310150   203101507   第一样本阅览室/ [索取号:F092.6/24] 在馆    
唐山师范学院图书馆 欢迎您!
大连网信软件有限公司© 版权所有